000
00287nam a2200109Ia 4500
008
171211s9999 xx 000 0 und d
245
_a
After the Cheering Stops
245
_c
Cyndy Feasel
260
_c
2016
650
_x
Biography
856
_u
http://down.ebook777.com/060/0718088301.pdf
999
_c
349956
_d
349956